Risultati Serie A 2023-2024 - Girone di Ritorno - Statistics

Statistiche generali
  • Questo quiz è stato fatto 7 volte
    6 dall'ultimo reset
  • Il punteggio medio è 21 su 190
Statistiche sulle risposte
Hint Risposta % Corretto
Napoli-Salernitana 2-1
60%
Atalanta-Frosinone 5-0
60%
Genoa-Torino 0-0
40%
Lazio-Napoli 0-0
40%
Inter-Juventus 1-0
40%
Roma-Lazio 1-0
40%
Salernitana-Genoa 1-2
40%
Sassuolo-Napoli 1-6
40%
Bologna-Fiorentina 2-0
40%
Milan-Bologna 2-2
40%
Udinese-Milan 2-3
40%
Milan-Roma 3-1
40%
Torino-Salernitana 0-0
20%
Udinese-Monza 0-0
20%
Frosinone-Bologna 0-0
20%
Bologna-Monza 0-0
20%
Torino-Frosinone 0-0
20%
Torino-Bologna 0-0
20%
Napoli-Lecce 0-0
20%
Fiorentina-Inter 0-1
20%
Bologna-Inter 0-1
20%
Lecce-Verona 0-1
20%
Empoli-Bologna 0-1
20%
Genoa-Lazio 0-1
20%
Monza-Frosinone 0-1
20%
Frosinone-Udinese 0-1
20%
Torino-Lazio 0-2
20%
Salernitana-Monza 0-2
20%
Udinese-Torino 0-2
20%
Napoli-Bologna 0-2
20%
Lecce-Atalanta 0-2
20%
Lecce-Juventus 0-3
20%
Napoli-Atalanta 0-3
20%
Lecce-Inter 0-4
20%
Frosinone-Inter 0-5
20%
Lazio-Lecce 1-0
20%
Milan-Napoli 1-0
20%
Milan-Empoli 1-0
20%
Roma-Sassuolo 1-0
20%
Juventus-Fiorentina 1-0
20%
Juventus-Empoli 1-1
20%
Verona-Frosinone 1-1
20%
Sassuolo-Torino 1-1
20%
Napoli-Genoa 1-1
20%
Cagliari-Napoli 1-1
20%
Frosinone-Lecce 1-1
20%
Napoli-Torino 1-1
20%
Inter-Napoli 1-1
20%
Udinese-Napoli 1-1
20%
Cagliari-Torino 1-2
20%
Salernitana-Roma 1-2
20%
Atalanta-Bologna 1-2
20%
Fiorentina-Milan 1-2
20%
Salernitana-Verona 1-2
20%
Salernitana-Empoli 1-3
20%
Verona-Milan 1-3
20%
Genoa-Atalanta 1-4
20%
Monza-Inter 1-5
20%
Bologna-Verona 2-0
20%
Inter-Empoli 2-0
20%
Juventus-Monza 2-0
20%
Roma-Verona 2-1
20%
Genoa-Lecce 2-1
20%
Napoli-Verona 2-1
20%
Fiorentina-Lazio 2-1
20%
Inter-Genoa 2-1
20%
Napoli-Juventus 2-1
20%
Genoa-Sassuolo 2-1
20%
Empoli-Roma 2-1
20%
Fiorentina-Udinese 2-2
20%
Verona-Juventus 2-2
20%
Juventus-Atalanta 2-2
20%
Napoli-Frosinone 2-2
20%
Napoli-Roma 2-2
20%
Fiorentina-Napoli 2-2
20%
Verona-Inter 2-2
20%
Frosinone-Milan 2-3
20%
Genoa-Monza 2-3
20%
Cagliari-Fiorentina 2-3
20%
Monza-Napoli 2-4
20%
Juventus-Sassuolo 3-0
20%
Empoli-Monza 3-0
20%
Milan-Lecce 3-0
20%
Atalanta-Lazio 3-1
20%
Sassuolo-Milan 3-3
20%
Bologna-Juventus 3-3
20%
Inter-Atalanta 4-0
20%
Bologna-Lecce 4-0
20%
Bologna-Sassuolo 4-2
20%
Monza-Milan 4-2
20%
Fiorentina-Frosinone 5-1
20%
Empoli-Genoa 0-0
0%
Monza-Verona 0-0
0%
Torino-Fiorentina 0-0
0%
Juventus-Genoa 0-0
0%
Lecce-Roma 0-0
0%
Torino-Juventus 0-0
0%
Juventus-Milan 0-0
0%
Empoli-Frosinone 0-0
0%
Juventus-Udinese 0-1
0%
Empoli-Cagliari 0-1
0%
Lazio-Milan 0-1
0%
Salernitana-Lecce 0-1
0%
Salernitana-Fiorentina 0-2
0%
Lecce-Udinese 0-2
0%
Sassuolo-Cagliari 0-2
0%
Frosinone-Roma 0-3
0%
Sassuolo-Lecce 0-3
0%
Monza-Sassuolo 1-0
0%
Verona-Sassuolo 1-0
0%
Sassuolo-Frosinone 1-0
0%
Monza-Cagliari 1-0
0%
Lazio-Juventus 1-0
0%
Torino-Monza 1-0
0%
Lecce-Empoli 1-0
0%
Empoli-Napoli 1-0
0%
Verona-Udinese 1-0
0%
Lazio-Verona 1-0
0%
Sassuolo-Inter 1-0
0%
Roma-Genoa 1-0
0%
Empoli-Fiorentina 1-1
0%
Udinese-Cagliari 1-1
0%
Milan-Atalanta 1-1
0%
Udinese-Salernitana 1-1
0%
Cagliari-Verona 1-1
0%
Genoa-Frosinone 1-1
0%
Sassuolo-Udinese 1-1
0%
Fiorentina-Genoa 1-1
0%
Bologna-Udinese 1-1
0%
Lecce-Monza 1-1
0%
Cagliari-Lecce 1-1
0%
Roma-Juventus 1-1
0%
Juventus-Salernitana 1-1
0%
Inter-Lazio 1-1
0%
Udinese-Empoli 1-1
0%
Lazio-Sassuolo 1-1
0%
Lazio-Bologna 1-2
0%
Lazio-Udinese 1-2
0%
Udinese-Inter 1-2
0%
Verona-Genoa 1-2
0%
Udinese-Roma 1-2
0%
Milan-Inter 1-2
0%
Monza-Atalanta 1-2
0%
Salernitana-Atalanta 1-2
0%
Verona-Torino 1-2
0%
Cagliari-Lazio 1-3
0%
Roma-Bologna 1-3
0%
Monza-Roma 1-4
0%
Atalanta-Udinese 2-0
0%
Torino-Lecce 2-0
0%
Genoa-Udinese 2-0
0%
Atalanta-Empoli 2-0
0%
Inter-Torino 2-0
0%
Lazio-Empoli 2-0
0%
Genoa-Bologna 2-0
0%
Cagliari-Bologna 2-1
0%
Verona-Empoli 2-1
0%
Cagliari-Atalanta 2-1
0%
Verona-Fiorentina 2-1
0%
Atalanta-Roma 2-1
0%
Fiorentina-Monza 2-1
0%
Fiorentina-Roma 2-2
0%
Salernitana-Sassuolo 2-2
0%
Atalanta-Verona 2-2
0%
Inter-Cagliari 2-2
0%
Cagliari-Juventus 2-2
0%
Monza-Lazio 2-2
0%
Sassuolo-Empoli 2-3
0%
Atalanta-Fiorentina 2-3
0%
Frosinone-Lazio 2-3
0%
Roma-Inter 2-4
0%
Atalanta-Sassuolo 3-0
0%
Bologna-Salernitana 3-0
0%
Frosinone-Salernitana 3-0
0%
Genoa-Cagliari 3-0
0%
Atalanta-Torino 3-0
0%
Frosinone-Cagliari 3-1
0%
Torino-Milan 3-1
0%
Lecce-Fiorentina 3-2
0%
Juventus-Frosinone 3-2
0%
Roma-Torino 3-2
0%
Empoli-Torino 3-2
0%
Milan-Genoa 3-3
0%
Milan-Salernitana 3-3
0%
Roma-Cagliari 4-0
0%
Inter-Salernitana 4-0
0%
Lazio-Salernitana 4-1
0%
Cagliari-Salernitana 4-2
0%
Fiorentina-Sassuolo 5-1
0%
Milan-Cagliari 5-1
0%
Nessun quiz corrispondente trovato
Distribuzione punteggi
Percentuale di utenti per punteggio
Percentile per numero di risposta
I tuoi punteggi nel tempo
Non hai fatto questo quiz dall'ultimo reset